000 00348nam a2200145 a 4500
001 4144
005 20140414131935.0
008 090317s19uu xx 00 eng d
050 _aREF 643.1
_bH14 2002
100 _aHall, Margaret
245 _aHomes.
260 _aChicago :
_bHeinemann Library,
_c2001.
650 _aDwellings.
999 _c112430
_d112430